| 000 | 00626nam a2200181Ia 4500 | ||
|---|---|---|---|
| 003 | SISC | ||
| 005 | 20170206100532.0 | ||
| 008 | 140527s9999 xx 000 0 und d | ||
| 020 | _a9781412991315 | ||
| 050 |
_aHF 5415.2 _b.L383 2012 |
||
| 100 | _aKaden, Robert J. | ||
| 245 |
_aLeading edge marketing research : _b21st-century tools and practices / _cRobert Kaden, Gerald Linda, Melvin Prince. |
||
| 260 |
_aThousand Oaks, Calif. : _bSAGE Publications, _c2012. |
||
| 300 |
_a483 pages : _billustrations ; _c23 cm. |
||
| 500 | _aIncludes bibliographical references and index. | ||
| 942 |
_kFOR _cBK _2lcc |
||
| 999 |
_c117404 _d117404 |
||